[Event "FICGS class M 000106 email"]
[Site "FICGS email"]
[Date "2022.08.07"]
[Round "1"]
[White "Dusk, Jerzy"]
[Black "Broekhuizen, A T S"]
[Result "1/2-1/2"]
[WhiteElo "2241"]
[BlackElo "2203"]
[PlyCount "50"]
[EventDate "2022.??.??"]
[EventType "tourn (corr)"]
[EventRounds "6"]
[SourceTitle "Corr 2024"]
[Source "ChessBase"]
[SourceDate "2023.10.19"]
[SourceVersion "1"]
[SourceVersionDate "2023.10.19"]
[SourceQuality "1"]

1. d4 Nf6 2. c4 e6 3. Nf3 b6 4. g3 Bb7 5. Bg2 Bb4+ 6. Bd2 c5 7. Bxb4 cxb4 8. 0-0 0-0 9. Re1 d5 10. Nbd2 Qd6 11. Ne5 Nc6 12. cxd5 exd5 13. Ndf3 a5 14. h4 Ne4 15. Nxc6 Bxc6 16. Ne5 Bb5 17. Rc1 Rac8 18. Bf3 a4 19. Kg2 Qf6 20. Ng4 Qd6 21. Ne5 Qf6 22. Rxc8 Rxc8 23. Qb1 Qf5 24. Ng4 Re8 25. Ne3 Qe6 1/2-1/2

[Event "FICGS class M 000106 email"]
[Site "FICGS email"]
[Date "2022.08.07"]
[Round "1"]
[White "Dusk, Jerzy"]
[Black "Swiatek, Janusz"]
[Result "1/2-1/2"]
[WhiteElo "2241"]
[BlackElo "2224"]
[PlyCount "65"]
[EventDate "2022.??.??"]
[EventType "tourn (corr)"]
[EventRounds "6"]
[SourceTitle "Corr 2024"]
[Source "ChessBase"]
[SourceDate "2023.10.19"]
[SourceVersion "1"]
[SourceVersionDate "2023.10.19"]
[SourceQuality "1"]

1. d4 Nf6 2. c4 e6 3. Nf3 d5 4. Nc3 c5 5. cxd5 Nxd5 6. e4 Nxc3 7. bxc3 cxd4 8. cxd4 Bb4+ 9. Bd2 Bxd2+ 10. Qxd2 0-0 11. Bc4 Nd7 12. 0-0 b6 13. Rfe1 Bb7 14. Rad1 Rc8 15. Bb3 h6 16. Re3 Qf6 17. Qe2 Qf4 18. d5 Nc5 19. Nd4 Nxb3 20. axb3 Rce8 21. h3 a6 22. Qb2 Qe5 23. Rf1 Bc8 24. b4 Bd7 25. f4 Qd6 26. dxe6 fxe6 27. e5 Qd5 28. Rf2 a5 29. Rd2 axb4 30. Rf3 Qa5 31. Kh2 Kh8 32. Rd1 Rc8 33. Ra1 1/2-1/2

[Event "FICGS class M 000105 email"]
[Site "FICGS email"]
[Date "2022.07.25"]
[Round "1"]
[White "Ozen, Bahadir"]
[Black "Dusk, Jerzy"]
[Result "1/2-1/2"]
[WhiteElo "2276"]
[BlackElo "2241"]
[PlyCount "45"]
[EventDate "2022.??.??"]
[EventType "tourn (corr)"]
[EventRounds "6"]
[SourceTitle "Corr 2024"]
[Source "ChessBase"]
[SourceDate "2023.10.19"]
[SourceVersion "1"]
[SourceVersionDate "2023.10.19"]
[SourceQuality "1"]

1. e4 c6 2. d4 d5 3. e5 Bf5 4. Nf3 e6 5. Be2 Ne7 6. c3 Ng6 7. 0-0 f6 8. exf6 Qxf6 9. Bg5 Qf7 10. Nbd2 Bd6 11. Nh4 Nxh4 12. Bxh4 0-0 13. Nf3 Nd7 14. Qb3 Nf6 15. Bg3 Bxg3 16. hxg3 Qh5 17. Rae1 Ng4 18. Nh4 g5 19. Bxg4 Bxg4 20. f3 gxh4 21. fxg4 Qxg4 22. gxh4 b6 23. Qc2 1/2-1/2

[Event "FICGS W-ch st1 gN 01 email"]
[Site "FICGS email"]
[Date "2022.03.14"]
[Round "1"]
[White "Cirulis, Ilmars"]
[Black "Dusk, Jerzy"]
[Result "1/2-1/2"]
[WhiteElo "2241"]
[BlackElo "2222"]
[PlyCount "45"]
[EventDate "2022.??.??"]
[EventType "tourn (corr)"]
[EventRounds "1"]
[SourceTitle "Corr 2024"]
[Source "ChessBase"]
[SourceDate "2023.10.19"]
[SourceVersion "1"]
[SourceVersionDate "2023.10.19"]
[SourceQuality "1"]

1. e4 c5 2. Nc3 d6 3. Nge2 Nf6 4. d4 cxd4 5. Nxd4 a6 6. h3 e5 7. Nb3 Be6 8. Be3 Be7 9. Qf3 Nbd7 10. 0-0-0 Nb6 11. g4 Rc8 12. Nc5 Nfd7 13. Nxe6 fxe6 14. g5 Rxc3 15. bxc3 Qc7 16. Qg4 Na4 17. Qxe6 Ndc5 18. Bxc5 Qxc5 19. Rd3 Qxf2 20. Qc8+ Bd8 21. Qe6+ Be7 22. Qc8+ Bd8 23. Qe6+ 1/2-1/2

[Event "FICGS W-ch st1 gN 01 email"]
[Site "FICGS email"]
[Date "2022.03.14"]
[Round "1"]
[White "Dusk, Jerzy"]
[Black "Laduke, Matt"]
[Result "1/2-1/2"]
[WhiteElo "2222"]
[BlackElo "2186"]
[PlyCount "77"]
[EventDate "2022.??.??"]
[EventType "tourn (corr)"]
[EventRounds "1"]
[SourceTitle "Corr 2024"]
[Source "ChessBase"]
[SourceDate "2023.10.19"]
[SourceVersion "1"]
[SourceVersionDate "2023.10.19"]
[SourceQuality "1"]

1. e4 e5 2. Nf3 Nc6 3. Bb5 Nf6 4. 0-0 Nxe4 5. d4 Nd6 6. Bxc6 dxc6 7. dxe5 Nf5 8. Qxd8+ Kxd8 9. h3 Be7 10. Nc3 Nh4 11. Nxh4 Bxh4 12. Be3 h5 13. Ne2 Ke8 14. Rad1 Be7 15. f4 f5 16. Nd4 Kf7 17. a4 a6 18. a5 Rd8 19. Nb3 Be6 20. Nc5 Rab8 21. Kf2 h4 22. b4 Rxd1 23. Rxd1 b6 24. axb6 cxb6 25. Nxe6 Kxe6 26. Ra1 a5 27. bxa5 bxa5 28. Ke2 Ra8 29. Ra4 Bb4 30. Bf2 Be7 31. Be1 Bd8 32. Kd3 Ra6 33. Bd2 g6 34. Be3 Kf7 35. Kc4 Ke6 36. Kb3 Be7 37. Kc4 Bb4 38. c3 Be7 39. Kb3 1/2-1/2

[Event "FICGS W-ch st1 gN 01 email"]
[Site "FICGS email"]
[Date "2018.03.02"]
[Round "1"]
[White "Munoz Portugal, Guillermo"]
[Black "Dusk, Jerzy"]
[Result "1/2-1/2"]
[WhiteElo "2175"]
[BlackElo "2151"]
[PlyCount "67"]
[EventDate "2018.??.??"]
[EventType "tourn (corr)"]
[EventRounds "6"]
[SourceTitle "Corr 2022"]
[Source "ChessBase"]
[SourceDate "2021.10.24"]
[SourceVersion "1"]
[SourceVersionDate "2021.10.24"]
[SourceQuality "1"]

1. e4 e5 2. Nf3 Nc6 3. Bb5 Nf6 4. 0-0 Nxe4 5. Re1 Nd6 6. Bf1 Be7 7. Nxe5 Nf5 8. Nf3 0-0 9. d4 d5 10. c3 Bd6 11. Bd3 Re8 12. Rxe8+ Qxe8 13. Nbd2 Bd7 14. Qc2 g6 15. a4 Nce7 16. Nf1 f6 17. b3 c6 18. c4 Ng7 19. Ne3 Ngf5 20. Nf1 Ng7 21. Ne3 Ngf5 22. g3 Nxe3 23. Bxe3 Nf5 24. Bd2 Bf8 25. Bf1 Qf7 26. Re1 Be6 27. Qb2 Re8 28. c5 Ng7 29. b4 Bg4 30. Bg2 a6 31. b5 Rxe1+ 32. Nxe1 axb5 33. axb5 Qe8 34. Nd3 1/2-1/2

[Event "FICGS rapid M 000090 email"]
[Site "FICGS email"]
[Date "2017.12.02"]
[Round "1"]
[White "Dusk, Jerzy"]
[Black "Kireev, Sergey Ivanovich"]
[Result "1/2-1/2"]
[WhiteElo "2134"]
[BlackElo "2218"]
[PlyCount "64"]
[EventDate "2017.??.??"]
[EventType "tourn (rapid)"]
[EventRounds "6"]
[SourceTitle "Corr 2022"]
[Source "ChessBase"]
[SourceDate "2021.10.24"]
[SourceVersion "1"]
[SourceVersionDate "2021.10.24"]
[SourceQuality "1"]

1. e4 c5 2. Nf3 d6 3. d4 cxd4 4. Nxd4 Nf6 5. Nc3 a6 6. Be3 e6 7. g4 e5 8. Nf5 g6 9. Bg2 gxf5 10. exf5 h5 11. g5 Ng4 12. Bd2 Bxf5 13. h3 Nxf2 14. Qf3 Nxh1 15. Qxf5 Nc6 16. Bxh1 Be7 17. Be3 Qd7 18. Qf1 Nd4 19. 0-0-0 Nf5 20. Qf2 Nxe3 21. Qxe3 h4 22. g6 fxg6 23. Nd5 Kf7 24. Nb6 Qd8 25. Qb3+ Kg7 26. Nxa8 Qxa8 27. Bxb7 Qa7 28. Be4 Rf8 29. Qe6 Rf6 30. Qg4 Qc7 31. a4 Qc4 32. b3 Qc3 1/2-1/2

[Event "FICGS rapid A 000201 email"]
[Site "FICGS email"]
[Date "2017.04.10"]
[Round "1"]
[White "Cirulis, Ilmars"]
[Black "Dusk, Jerzy"]
[Result "0-1"]
[WhiteElo "2055"]
[BlackElo "2084"]
[PlyCount "92"]
[EventDate "2017.??.??"]
[EventType "tourn (rapid)"]
[EventRounds "6"]
[SourceTitle "Corr 2022"]
[Source "ChessBase"]
[SourceDate "2021.10.24"]
[SourceVersion "1"]
[SourceVersionDate "2021.10.24"]
[SourceQuality "1"]

1. b4 d5 2. Bb2 Bg4 3. h3 Bh5 4. a3 e6 5. c4 dxc4 6. Qc1 Nf6 7. Qxc4 Nbd7 8. e3 Nb6 9. Qb3 Be7 10. Be2 Bxe2 11. Nxe2 Qd5 12. Qxd5 Nbxd5 13. 0-0 0-0 14. Bxf6 Nxf6 15. Nbc3 g6 16. Rfb1 Kg7 17. Nc1 Rfc8 18. d4 b6 19. g3 c5 20. dxc5 bxc5 21. b5 Bd8 22. N1e2 a6 23. a4 Ba5 24. Rd1 Kf8 25. e4 Ke7 26. e5 Nd7 27. f4 f6 28. exf6+ Nxf6 29. Kg2 Bb4 30. b6 Rc6 31. a5 Rd6 32. Kf2 Rf8 33. Kf3 Rfd8 34. Rxd6 Kxd6 35. Ne4+ Nxe4 36. Kxe4 Kc6 37. g4 Rd2 38. Ke3 Rb2 39. h4 Rb3+ 40. Kf2 Ra3 41. Rb1 Rxa5 42. Nd4+ Kxb6 43. Nxe6 Kc6 44. f5 gxf5 45. gxf5 Bc3 46. Kf3 c4 0-1

[Event "FICGS class A 000177 email"]
[Site "FICGS email"]
[Date "2017.03.25"]
[Round "1"]
[White "Cirulis, Ilmars"]
[Black "Dusk, Jerzy"]
[Result "0-1"]
[WhiteElo "2055"]
[BlackElo "2084"]
[PlyCount "112"]
[EventDate "2017.??.??"]
[EventType "tourn (corr)"]
[EventRounds "6"]
[SourceTitle "Corr 2022"]
[Source "ChessBase"]
[SourceDate "2021.10.24"]
[SourceVersion "1"]
[SourceVersionDate "2021.10.24"]
[SourceQuality "1"]

1. b4 e5 2. a3 d5 3. Bb2 Bd6 4. Nf3 Qe7 5. e3 Nf6 6. c4 c6 7. d4 e4 8. Nfd2 0-0 9. Be2 Be6 10. Nc3 Rc8 11. c5 Bc7 12. b5 b6 13. Nb3 Nfd7 14. Rc1 Qg5 15. Kf1 a6 16. a4 axb5 17. axb5 Qf6 18. Ra1 Rxa1 19. Qxa1 Qe7 20. cxb6 Nxb6 21. Nc5 cxb5 22. Nxb5 N8d7 23. Nxc7 Rxc7 24. Nxe6 Qxe6 25. h4 Nf6 26. g3 Ng4 27. Qd1 h5 28. Kg2 Nc4 29. Bc1 Ra7 30. Qc2 Ra1 31. Re1 Qf5 32. Rf1 Qxf2+ 33. Rxf2 Ncxe3+ 34. Bxe3 Nxe3+ 35. Kh2 Nxc2 36. Bxh5 Nxd4 37. Bxf7+ Kh7 38. Bxd5 e3 39. Be4+ Kh6 40. Rf8 g6 41. Bd3 Kg7 42. Rf4 e2 43. Bxe2 Nxe2 44. Rf2 Nd4 45. g4 Ra4 46. Rf1 Ra2+ 47. Kh3 Ra3+ 48. Kg2 Nc2 49. Kh2 Ne3 50. Rf4 Nd5 51. Rf1 Rc3 52. Rf2 Nf6 53. Rf4 Rd3 54. Kg2 Nd5 55. Ra4 Kf6 56. Ra8 Nf4+ 0-1

[Event "FICGS class A 000176 email"]
[Site "FICGS email"]
[Date "2017.02.08"]
[Round "1"]
[White "Bukharin, Alexey"]
[Black "Dusk, Jerzy"]
[Result "1/2-1/2"]
[WhiteElo "2023"]
[BlackElo "2048"]
[PlyCount "73"]
[EventDate "2017.??.??"]
[EventType "tourn (corr)"]
[EventRounds "6"]
[SourceTitle "Corr 2022"]
[Source "ChessBase"]
[SourceDate "2021.10.24"]
[SourceVersion "1"]
[SourceVersionDate "2021.10.24"]
[SourceQuality "1"]

1. e4 e5 2. Nf3 Nc6 3. Bb5 Nf6 4. 0-0 Nxe4 5. d4 Nd6 6. Bxc6 dxc6 7. dxe5 Nf5 8. Qxd8+ Kxd8 9. Nc3 Ke8 10. h3 h5 11. Bf4 Be7 12. Rad1 Be6 13. Ng5 Rh6 14. Rfe1 Bb4 15. g4 hxg4 16. hxg4 Ne7 17. Nxe6 Rxe6 18. Re3 Rg6 19. g5 Rd8 20. Rxd8+ Kxd8 21. Ne4 Nd5 22. Rd3 f5 23. exf6 Kc8 24. Bc1 Nxf6 25. Ng3 Nd5 26. c4 Ne7 27. Kf1 Re6 28. Re3 Kd7 29. Kg2 Bd6 30. f4 c5 31. Kf3 g6 32. Rxe6 Kxe6 33. Ke4 Kf7 34. Be3 b6 35. b3 Nc6 36. Ne2 Ke6 37. Nc3 1/2-1/2

[Event "FICGS class A 000176 email"]
[Site "FICGS email"]
[Date "2017.02.08"]
[Round "1"]
[White "Dusk, Jerzy"]
[Black "Sorbi, Luca"]
[Result "1/2-1/2"]
[WhiteElo "2048"]
[BlackElo "2037"]
[PlyCount "97"]
[EventDate "2017.??.??"]
[EventType "tourn (corr)"]
[EventRounds "6"]
[SourceTitle "Corr 2022"]
[Source "ChessBase"]
[SourceDate "2021.10.24"]
[SourceVersion "1"]
[SourceVersionDate "2021.10.24"]
[SourceQuality "1"]

1. e4 e5 2. Nf3 Nf6 3. Nxe5 d6 4. Nf3 Nxe4 5. Nc3 Nxc3 6. dxc3 Be7 7. Be3 Nc6 8. Qd2 Be6 9. 0-0-0 Qd7 10. Kb1 a6 11. h3 0-0-0 12. Nd4 Nxd4 13. Bxd4 Rhg8 14. Be2 c5 15. Be3 Bf6 16. b3 h6 17. Bf4 g5 18. Bg3 c4 19. Qe3 Qc7 20. Bg4 Rge8 21. Qf3 Bh8 22. b4 Qe7 23. Rhe1 Qf6 24. Kb2 Kc7 25. Qxf6 Bxf6 26. Bh5 b5 27. f4 gxf4 28. Bxf4 Rg8 29. Bf3 h5 30. Re2 h4 31. Bh2 Rgf8 32. Re4 Rg8 33. Bg1 Rg6 34. Bd4 Bg5 35. a4 bxa4 36. Ra1 f5 37. Rxe6 Rxe6 38. Rxa4 Be3 39. Bd5 Ree8 40. Bf6 Ra8 41. Bxa8 Rxa8 42. Bxh4 Kd7 43. Ra5 Rf8 44. Rxa6 Rg8 45. Ra5 Ke6 46. g4 fxg4 47. Ra1 Rh8 48. Re1 Rxh4 49. Rxe3+ 1/2-1/2

[Event "FICGS rapid A 000198 email"]
[Site "FICGS email"]
[Date "2017.01.12"]
[Round "1"]
[White "Dusk, Jerzy"]
[Black "Cirulis, Ilmars"]
[Result "1/2-1/2"]
[WhiteElo "2048"]
[BlackElo "1923"]
[PlyCount "40"]
[EventDate "2017.??.??"]
[EventType "tourn (rapid)"]
[EventRounds "6"]
[SourceTitle "Corr 2022"]
[Source "ChessBase"]
[SourceDate "2021.10.24"]
[SourceVersion "1"]
[SourceVersionDate "2021.10.24"]
[SourceQuality "1"]

1. d4 e6 2. e4 d5 3. Nd2 Be7 4. Ngf3 Nf6 5. e5 Nfd7 6. Bd3 b6 7. 0-0 c5 8. Re1 Ba6 9. c4 Bb7 10. b3 Nc6 11. Bb2 Rc8 12. cxd5 Nb4 13. Bc4 Bxd5 14. a3 Bxc4 15. Nxc4 Nd5 16. Ne3 Nb8 17. Nxd5 Qxd5 18. dxc5 Qxd1 19. Rexd1 Rxc5 20. b4 Rc2 1/2-1/2

[Event "FICGS rapid A 000173 email"]
[Site "FICGS email"]
[Date "2015.03.04"]
[Round "1"]
[White "Alban, Alexis"]
[Black "Dusk, Jerzy"]
[Result "1/2-1/2"]
[WhiteElo "2081"]
[BlackElo "2063"]
[PlyCount "69"]
[EventDate "2015.??.??"]
[EventType "tourn (rapid)"]
[EventRounds "6"]
[SourceTitle "Corr 2022"]
[Source "ChessBase"]
[SourceDate "2021.10.24"]
[SourceVersion "1"]
[SourceVersionDate "2021.10.24"]
[SourceQuality "1"]

1. e4 e5 2. Nf3 Nc6 3. Bb5 a6 4. Ba4 Nf6 5. 0-0 Be7 6. Bxc6 dxc6 7. d3 Nd7 8. Be3 0-0 9. Nbd2 Re8 10. h3 a5 11. Nc4 f6 12. a4 Nb6 13. Qe2 Nxc4 14. dxc4 Qd7 15. b3 b6 16. Rfd1 Qe6 17. Rd3 Bb7 18. Rad1 c5 19. Nd2 f5 20. exf5 Qxf5 21. f3 Rad8 22. Rxd8 Rxd8 23. Nb1 Bd6 24. Nc3 e4 25. Nxe4 Bxe4 26. fxe4 Qe5 27. Rd5 Qxe4 28. Qd3 Qe6 29. Qc3 Re8 30. Bf2 Qh6 31. Qd2 Qf6 32. g3 Qf3 33. Qd3 Qxd3 34. cxd3 Re2 35. d4 1/2-1/2

[Event "FICGS class A 000160 email"]
[Site "FICGS email"]
[Date "2015.03.04"]
[Round "1"]
[White "Dusk, Jerzy"]
[Black "Stockhammar, Par"]
[Result "1/2-1/2"]
[WhiteElo "2063"]
[BlackElo "2022"]
[PlyCount "75"]
[EventDate "2015.??.??"]
[EventType "tourn (corr)"]
[EventRounds "6"]
[SourceTitle "Corr 2022"]
[Source "ChessBase"]
[SourceDate "2021.10.24"]
[SourceVersion "1"]
[SourceVersionDate "2021.10.24"]
[SourceQuality "1"]

1. d4 f5 2. g3 Nf6 3. Bg2 e6 4. c4 c6 5. Nf3 Be7 6. 0-0 0-0 7. b3 d5 8. Ba3 Nbd7 9. Bxe7 Qxe7 10. Nbd2 b6 11. Qc2 Bb7 12. Rac1 Ne4 13. e3 c5 14. dxc5 bxc5 15. Rfd1 Rac8 16. Qb2 Rfd8 17. Ne5 Ndf6 18. Bf1 Qc7 19. Nxe4 dxe4 20. Kg2 a5 21. Qc3 Ra8 22. Be2 h6 23. h4 Rdb8 24. Rd2 Bc6 25. Nxc6 Qxc6 26. Qe5 Re8 27. Rcd1 Qc8 28. Kh3 a4 29. bxa4 Rxa4 30. g4 Ra7 31. a4 Qc7 32. Qxc7 Rxc7 33. Rd6 Ra7 34. Ra1 Rea8 35. Rxe6 Rxa4 36. Rxa4 Rxa4 37. g5 hxg5 38. hxg5 1/2-1/2

[Event "FICGS rapid A 000173 email"]
[Site "FICGS email"]
[Date "2015.03.04"]
[Round "1"]
[White "Dusk, Jerzy"]
[Black "Vasquez, Fernando Jose Pinto"]
[Result "0-1"]
[WhiteElo "2063"]
[BlackElo "2077"]
[PlyCount "62"]
[EventDate "2015.??.??"]
[EventType "tourn (rapid)"]
[EventRounds "6"]
[SourceTitle "Corr 2022"]
[Source "ChessBase"]
[SourceDate "2021.10.24"]
[SourceVersion "1"]
[SourceVersionDate "2021.10.24"]
[SourceQuality "1"]

1. d4 Nf6 2. c4 e6 3. Nf3 b6 4. g3 Ba6 5. b3 Bb4+ 6. Bd2 Bxd2+ 7. Qxd2 0-0 8. Bg2 Bb7 9. 0-0 d6 10. Nc3 Ne4 11. Nxe4 Bxe4 12. Rad1 Nd7 13. Nh4 Bxg2 14. Nxg2 a5 15. e4 Qf6 16. f3 Rfd8 17. Ne3 Qg6 18. Qc2 h5 19. Ng2 Re8 20. Qe2 Rad8 21. Nh4 Qh7 22. Rfe1 e5 23. dxe5 Nxe5 24. Nf5 Nc6 25. Ne3 h4 26. Nd5 Rc8 27. g4 Qg6 28. Qf2 Qh6 29. f4 Qg6 30. Qf3 Nb4 31. Nc3 a4 0-1

[Event "FICGS rapid A 000173 email"]
[Site "FICGS email"]
[Date "2015.03.04"]
[Round "1"]
[White "Kirali, Hasan"]
[Black "Dusk, Jerzy"]
[Result "0-1"]
[WhiteElo "1838"]
[BlackElo "2063"]
[PlyCount "52"]
[EventDate "2015.??.??"]
[EventType "tourn (rapid)"]
[EventRounds "6"]
[SourceTitle "Corr 2022"]
[Source "ChessBase"]
[SourceDate "2021.10.24"]
[SourceVersion "1"]
[SourceVersionDate "2021.10.24"]
[SourceQuality "1"]

1. d4 Nf6 2. c4 e6 3. Nc3 Bb4 4. Qc2 0-0 5. Nf3 c5 6. a3 Bxc3+ 7. Qxc3 cxd4 8. Nxd4 d5 9. e3 e5 10. Nf3 Re8 11. Nxe5 Ne4 12. Qd4 Qh4 13. g3 Qh5 14. Qxd5 Qxe5 15. Qxe5 Rxe5 16. b4 a5 17. Bb2 Re8 18. f3 Ng5 19. Kf2 Rd8 20. Bc3 axb4 21. Bxb4 Nc6 22. Bc3 Ne6 23. Be2 Nc5 24. Rhd1 Be6 25. Rxd8+ Rxd8 26. Rb1 Nd3+ 0-1

[Event "FICGS class A 000160 email"]
[Site "FICGS email"]
[Date "2015.03.04"]
[Round "1"]
[White "Ortiz, Clodomiro"]
[Black "Dusk, Jerzy"]
[Result "1/2-1/2"]
[WhiteElo "2119"]
[BlackElo "2063"]
[PlyCount "99"]
[EventDate "2015.??.??"]
[EventType "tourn (corr)"]
[EventRounds "6"]
[SourceTitle "Corr 2022"]
[Source "ChessBase"]
[SourceDate "2021.10.24"]
[SourceVersion "1"]
[SourceVersionDate "2021.10.24"]
[SourceQuality "1"]

1. d4 Nf6 2. c4 e6 3. g3 d5 4. Bg2 dxc4 5. Nf3 Nc6 6. Qa4 Bd6 7. Ne5 0-0 8. Nxc6 bxc6 9. Nd2 Bd7 10. Qxc4 Qe7 11. Bxc6 Bxc6 12. Qxc6 e5 13. dxe5 Qxe5 14. Nc4 Qh5 15. 0-0 Ng4 16. h4 Ne5 17. Nxe5 Qxe5 18. Re1 Rae8 19. Bf4 Qxb2 20. Bxd6 cxd6 21. e3 Re6 22. Reb1 Qe2 23. Qb7 a6 24. Rb2 Qd3 25. Qb3 Qxb3 26. axb3 d5 27. Rba2 Ra8 28. Ra5 d4 29. exd4 g6 30. Kg2 Rb6 31. R1a3 Kg7 32. Kf3 Rf6+ 33. Ke2 Re8+ 34. Re5 Rc8 35. Ra2 Rd6 36. Kd3 Rc1 37. Ree2 Rb6 38. Reb2 Rd1+ 39. Kc4 Kf8 40. Rd2 Rb1 41. Rab2 Rc1+ 42. Rdc2 Rd1 43. Rd2 Rc1+ 44. Rdc2 Rd1 45. Re2 Rc6+ 46. Kd5 Rb6 47. Red2 Rxb3 48. Rxb3 Rxd2 49. f3 h5 50. Ke5 1/2-1/2

[Event "FICGS class A 000160 email"]
[Site "FICGS email"]
[Date "2015.03.04"]
[Round "1"]
[White "Vasquez, Fernando Jose Pinto"]
[Black "Dusk, Jerzy"]
[Result "1/2-1/2"]
[WhiteElo "2077"]
[BlackElo "2063"]
[PlyCount "62"]
[EventDate "2015.??.??"]
[EventType "tourn (corr)"]
[EventRounds "6"]
[SourceTitle "Corr 2022"]
[Source "ChessBase"]
[SourceDate "2021.10.24"]
[SourceVersion "1"]
[SourceVersionDate "2021.10.24"]
[SourceQuality "1"]

1. e4 c5 2. c3 d5 3. exd5 Qxd5 4. d4 Nf6 5. Nf3 e6 6. Bd3 Be7 7. 0-0 0-0 8. c4 Qh5 9. dxc5 Rd8 10. Bf4 Qxc5 11. Qe2 Nc6 12. h3 Nb4 13. Rd1 b6 14. Nc3 Bb7 15. Ne4 Qf5 16. Nxf6+ Qxf6 17. Be4 Bxe4 18. Qxe4 Qxb2 19. Ne5 Bf6 20. Nd7 Rac8 21. Rab1 Qc2 22. Qxc2 Nxc2 23. Bc7 Re8 24. Nxf6+ gxf6 25. Rd7 Nd4 26. Bxb6 Ne2+ 27. Kf1 axb6 28. Kxe2 Rxc4 29. Rxb6 Ra4 30. Rb2 Rea8 31. Rdd2 Kg7 1/2-1/2

[Event "FICGS rapid A 000172 email"]
[Site "FICGS email"]
[Date "2015.02.11"]
[Round "1"]
[White "Dusk, Jerzy"]
[Black "Munoz Portugal, Guillermo"]
[Result "1/2-1/2"]
[WhiteElo "2073"]
[BlackElo "1962"]
[PlyCount "103"]
[EventDate "2015.??.??"]
[EventType "tourn (rapid)"]
[EventRounds "6"]
[SourceTitle "Corr 2022"]
[Source "ChessBase"]
[SourceDate "2021.10.24"]
[SourceVersion "1"]
[SourceVersionDate "2021.10.24"]
[SourceQuality "1"]

1. e4 e5 2. Nf3 Nc6 3. Bb5 a6 4. Ba4 Nf6 5. 0-0 Be7 6. Re1 b5 7. Bb3 0-0 8. c3 d6 9. h3 Re8 10. d4 Bb7 11. Nbd2 exd4 12. cxd4 Nd7 13. Nf1 Na5 14. Bc2 Bf6 15. Qd3 Nf8 16. Rb1 c5 17. d5 Nc4 18. N1h2 Ne5 19. Nxe5 Bxe5 20. Be3 Ng6 21. Qd2 Bf6 22. Ng4 Bh4 23. g3 h5 24. Nh2 Bf6 25. f4 Rc8 26. Nf3 Rc7 27. Qd1 Rce7 28. Bd2 c4 29. f5 Ne5 30. Nxe5 Rxe5 31. Qxh5 Qb6+ 32. Kf1 b4 33. Qf3 a5 34. Ba4 Rc8 35. Kg2 Re7 36. Be3 Qc7 37. g4 Bh4 38. Bf2 Bxf2 39. Qxf2 Re5 40. Bd1 Qe7 41. Bf3 c3 42. bxc3 Rxc3 43. Rbc1 Rxc1 44. Rxc1 Rxe4 45. Bxe4 Qxe4+ 46. Kg3 Bxd5 47. Re1 Qc4 48. f6 Be6 49. fxg7 Kxg7 50. Qb2+ Kg8 51. Re2 Qd3+ 52. Kh2 1/2-1/2

[Event "FICGS rapid A 000172 email"]
[Site "FICGS email"]
[Date "2015.02.11"]
[Round "1"]
[White "Salonen, Jukka"]
[Black "Dusk, Jerzy"]
[Result "1/2-1/2"]
[WhiteElo "1910"]
[BlackElo "2073"]
[PlyCount "67"]
[EventDate "2015.??.??"]
[EventType "tourn (rapid)"]
[EventRounds "6"]
[SourceTitle "Corr 2022"]
[Source "ChessBase"]
[SourceDate "2021.10.24"]
[SourceVersion "1"]
[SourceVersionDate "2021.10.24"]
[SourceQuality "1"]

1. e4 e5 2. Nf3 Nc6 3. Bb5 a6 4. Ba4 Nf6 5. 0-0 Be7 6. Re1 b5 7. Bb3 d6 8. c3 0-0 9. h3 Na5 10. Bc2 c5 11. d4 Qc7 12. Nbd2 cxd4 13. cxd4 Nc6 14. Nb3 a5 15. Be3 a4 16. Nbd2 Bd7 17. Rc1 Qb7 18. Qe2 Rfc8 19. a3 Ne8 20. Bd3 Nc7 21. d5 Na5 22. Rc3 f5 23. g3 b4 24. axb4 Qxb4 25. Rec1 Ne8 26. Rxc8 Rxc8 27. Rxc8 Bxc8 28. Qd1 h6 29. exf5 Bb7 30. Nf1 Bxd5 31. Bd2 Qb3 32. Qe2 Nb7 33. Ne3 Bf7 34. Bc3 1/2-1/2

[Event "FICGS rapid A 000171 email"]
[Site "FICGS email"]
[Date "2015.01.13"]
[Round "1"]
[White "Salonen, Jukka"]
[Black "Dusk, Jerzy"]
[Result "1/2-1/2"]
[WhiteElo "1910"]
[BlackElo "2073"]
[PlyCount "67"]
[EventDate "2015.??.??"]
[EventType "tourn (rapid)"]
[EventRounds "6"]
[SourceTitle "Corr 2022"]
[Source "ChessBase"]
[SourceDate "2021.10.24"]
[SourceVersion "1"]
[SourceVersionDate "2021.10.24"]
[SourceQuality "1"]

1. d4 d5 2. c4 c6 3. Nc3 Nf6 4. Nf3 e6 5. e3 Nbd7 6. Bd3 dxc4 7. Bxc4 b5 8. Bd3 Bb7 9. 0-0 a6 10. e4 c5 11. d5 c4 12. Bc2 Qc7 13. Qe2 Bd6 14. dxe6 fxe6 15. Nd4 Nc5 16. f4 e5 17. Nf5 0-0 18. Rd1 Nd3 19. Nxd6 Qxd6 20. Bxd3 cxd3 21. Rxd3 Qc7 22. Rf3 Rae8 23. a3 Bc6 24. f5 Qb7 25. Re3 Rd8 26. h3 Rd4 27. Rg3 Nxe4 28. Nxe4 Bxe4 29. Bh6 Rd7 30. Rf1 Kh8 31. Rg4 Bxg2 32. Rxg2 gxh6 33. Qxe5+ Rg7 34. Rf3 1/2-1/2

[Event "FICGS rapid A 000171 email"]
[Site "FICGS email"]
[Date "2015.01.13"]
[Round "1"]
[White "Sorbi, Luca"]
[Black "Dusk, Jerzy"]
[Result "1/2-1/2"]
[WhiteElo "1962"]
[BlackElo "2073"]
[PlyCount "58"]
[EventDate "2015.??.??"]
[EventType "tourn (rapid)"]
[EventRounds "6"]
[SourceTitle "Corr 2022"]
[Source "ChessBase"]
[SourceDate "2021.10.24"]
[SourceVersion "1"]
[SourceVersionDate "2021.10.24"]
[SourceQuality "1"]

1. d4 d5 2. c4 c6 3. Nf3 Nf6 4. Nc3 e6 5. e3 Nbd7 6. Bd3 dxc4 7. Bxc4 b5 8. Bd3 Bb7 9. 0-0 a6 10. e4 c5 11. d5 Qc7 12. dxe6 fxe6 13. Bc2 Bd6 14. Ng5 Nf8 15. f4 0-0-0 16. Qe2 h6 17. Nf3 Bxf4 18. e5 Bxf3 19. Qxf3 Bxe5 20. Qa8+ Kd7 21. Qxa6 Bxh2+ 22. Kh1 b4 23. Nb5 Qe5 24. Be3 Ke8 25. Rf3 Bg3 26. Kg1 Bh2+ 27. Kh1 Bg3 28. Kg1 Bh2+ 29. Kh1 Bg3 1/2-1/2

[Event "FICGS class A 000158 email"]
[Site "FICGS email"]
[Date "2014.12.13"]
[Round "1"]
[White "Dusk, Jerzy"]
[Black "Ortiz, Clodomiro"]
[Result "1/2-1/2"]
[WhiteElo "2073"]
[BlackElo "2050"]
[PlyCount "60"]
[EventDate "2014.??.??"]
[EventType "tourn (corr)"]
[EventRounds "6"]
[SourceTitle "Corr 2022"]
[Source "ChessBase"]
[SourceDate "2021.10.24"]
[SourceVersion "1"]
[SourceVersionDate "2021.10.24"]
[SourceQuality "1"]

1. e4 e5 2. Nc3 Nf6 3. g3 Nc6 4. Bg2 Bc5 5. Nge2 a5 6. 0-0 0-0 7. Nd5 Nxd5 8. exd5 Nd4 9. c3 Nxe2+ 10. Qxe2 d6 11. d3 Bf5 12. Be3 Bxe3 13. Qxe3 Qd7 14. d4 Rae8 15. b4 f6 16. Rfc1 b6 17. a3 Qa4 18. Bf1 h6 19. Ba6 Qd7 20. c4 exd4 21. Qxd4 Re4 22. Qd2 Qe8 23. bxa5 Qh5 24. axb6 cxb6 25. Bb5 Rf7 26. a4 Bh3 27. c5 dxc5 28. Qd3 Rd4 29. Qb3 Qe5 30. Rd1 Rb4 1/2-1/2